000 00602nam a2200217Ii 4500
001 18359
003 CO-ViMGA
008 241108s9999||||xx |||||||||||||| ||und||
020 _a9586147959
040 _aCO-ViMGA
_bspa
_erda
_cCO-ViMGA
041 0 _aspa
082 0 4 _a741.5986 V51a
100 1 _aEduardo Arias
_946242
245 1 0 _aAleida :
_ba flor de piel
264 1 _aBogotá, Colombia : Planeta, 2000
300 _avolumen
336 _atext
_btxt
_2rdacontent
337 _aunmediated
_bn
_2rdamedia
338 _avolume
_bnc
_2rdacarrier
940 _aidficha_siabuc: 18022. -- ficha_no_siabuc:18359
999 _c40800
_d40800